Acceleration for silica reinforced natural rubber (Record no. 53730)

MARC details
000 -LEADER
fixed length control field 00375nam a2200133Ia 4500
100 ## - MAIN ENTRY--AUTHOR NAME
Personal name Hewitt N L
245 #0 - TITLE STATEMENT
Title Acceleration for silica reinforced natural rubber
260 ## - PUBLICATION, DISTRIBUTION, ETC. (IMPRINT)
Name of publisher Proc. Conf. ACS., Las Vegas
Year of publication 1991
500 ## - GENERAL NOTE
General note Source Year: 1992
650 ## - SUBJECT ADDED ENTRY--TOPICAL TERM
Topical Term Silica reinforced natural rubber
856 ## - ELECTRONIC LOCATION AND ACCESS
Uniform Resource Identifier IRRDB
942 ## - ADDED ENTRY ELEMENTS (KOHA)
Koha item type Journals
Holdings
Withdrawn status Lost status Damaged status Not for loan Home library Current library Date acquired Serial Enumeration / chronology Koha item type
      Journals RRII Library RRII Library 17/12/2021 Volume 89, Issue Journals